Migrationsliteratur. Hrsg. von Klaus Schenk ... [Rezension]
| Titel: | Migrationsliteratur. Hrsg. von Klaus Schenk ... [Rezension] / Jiří Stromšík |
|---|---|
| Verfasser: | |
| In: |
Germanoslavica, Band 16, Heft 2 (2005), Seite 225-229 alle Artikel anzeigen |
| Veröffentlicht: | 2005 |
| Format: | Aufsatz |
| Sprache: | Deutsch |
X
alg: 18805468
001A $04504:20-06-07
001B $06050:28-05-20 $t13:26:50.000
001C $04504:20-06-07 $t08:53:43.000
001D $04504:20-06-07
001U $0utf8
001X $00
002@ $0Aou
003@ $0188054685
007A $0188054685 $aHEB
010@ $ager
011@ $a2005
021A $aMigrationsliteratur. Hrsg. von Klaus Schenk ... [Rezension] $hJiří Stromšík
028A $7138943184 $8Stromšík, Jiří$Z1939- [Tp1] $9214746313
031A $d16 $e2 $h225-229 $j2005
039B $aIn $8--Abvc--. Germanoslavica. - Hildesheim : Olms, 1931-. - ISSN 1210-9029 $x200500000160002775 $9047348615
039T $8--Aau--. Migrationsliteratur. - Tübingen {[u.a.] : Francke, 2004. - XI, 334 S.. - Ill.. - ISBN 3-7720-8068-5 $9124189822
045T $a7,20 $a25 $a7,41 $a7,39
045T $aLING $qDE-30 $2FID
045T $aGER $qDE-30 $2FID
045T $aAVL $qDE-30 $2FID
045V $818.08.05$jWeitere Formen [Tkx] $9118846140
045V $819.08.05$jWeitere Formen [Tkx] $9118846418
lok: 18805468 62
exp: 18805468 62 1 #EPN
201B/01 $020-06-07 $t20:56:24.000
203@/01 $0505386259
208@/01 $a20-06-07 $be
209A/01 $a/ $f000 $x00
209B/01 $a2007 $x05
247C/01 $8Frankfurt, Bibliographie der Deutschen Sprach- und Literaturwissenschaft $9113214561
201U/01 $0utf8
lok: 18805468 78
exp: 18805468 78 1 #EPN
201B/01 $025-11-20 $t15:29:09.000
201C/01 $025-11-20
201U/01 $0utf8
203@/01 $01131289528
208@/01 $a25-11-20 $be
209A/01 $a/ $f000 $x00
209A/01 $ab*p $x01
220C/01 $apgar
247C/01 $82080>Marburg/Lahn, Herder-Institut, Forschungsbibliothek, Bibliographieportal $9336309341
| LEADER | 00000caa a2200000 c 4500 | ||
|---|---|---|---|
| 001 | 188054685 | ||
| 003 | DE-603 | ||
| 005 | 20200528132650.0 | ||
| 007 | tu | ||
| 008 | 070620s2005 xx |||| | u00||u|ger c | ||
| 035 | |a (DE-599)HEB188054685 | ||
| 040 | |a DE-603 |b ger |c DE-603 |d DE-603 | ||
| 041 | |a ger | ||
| 084 | |a 7,20 |a 25 |a 7,41 |a 7,39 |2 ssgn | ||
| 084 | |a LING |q DE-30 |2 fid | ||
| 084 | |a GER |q DE-30 |2 fid | ||
| 084 | |a AVL |q DE-30 |2 fid | ||
| 100 | 1 | |a Stromšík, Jiří |d 1939- |0 (DE-603)214746313 |0 (DE-588)138943184 |2 gnd | |
| 245 | 0 | 0 | |a Migrationsliteratur. Hrsg. von Klaus Schenk ... [Rezension] |c Jiří Stromšík |
| 264 | 0 | |c 2005 | |
| 773 | 0 | 8 | |i In |t Germanoslavica |d Hildesheim : Olms, 1931- |x 1210-9029 |g Band 16, Heft 2 (2005), Seite 225-229 |w (DE-603)047348615 |w (DE-600)216758-X |
| 787 | 0 | 8 | |i Rezension von |t Migrationsliteratur |d Tübingen [u.a.] : Francke, 2004 |h XI, 334 S., Ill. |z 3772080685 |w (DE-603)124189822 |
| 924 | 0 | |9 603 |a (DE-603)505386259 |b DE-603 |c HES |d d | |
| 924 | 0 | |9 2080 |a (DE-603)1131289528 |b DE-2080 |c HES |d d |g / | |


